[Event "Goiania-ch"]
[Site "Goiania"]
[Date "2016.12.04"]
[Round "8"]
[White "Da Silva Filho, Jair Humberto"]
[Black "Bocca, Edson Ricardo"]
[Result "1-0"]
[WhiteElo "2005"]
[BlackElo "1640"]
[PlyCount "57"]
[EventDate "2016.11.26"]
[EventType "tourn"]
[EventRounds "9"]
[EventCountry "BRA"]
[SourceTitle "EXT 2018"]
[Source "ChessBase"]
[SourceDate "2017.10.13"]
[SourceVersion "1"]
[SourceVersionDate "2017.10.13"]
[SourceQuality "1"]

1. d4 d5 2. c4 dxc4 3. Nf3 Nf6 4. Nc3 e6 5. e3 Be7 6. Bxc4 0-0 7. 0-0 a6 8. Ne5 Nbd7 9. Nxd7 Bxd7 10. Qe2 c6 11. e4 Bb4 12. Bg5 Be7 13. Bd3 h6 14. Bh4 Nh7 15. Bxe7 Qxe7 16. e5 f5 17. Na4 Rad8 18. Nc5 Bc8 19. Qe3 Qg5 20. f4 Qe7 21. Bc4 Rf7 22. Rad1 Nf8 23. Qh3 Nh7 24. g4 fxg4 25. Qxg4 Nf8 26. f5 Kh8 27. fxe6 Rxf1+ 28. Rxf1 b6 29. Rf7 1-0

[Event "Goiania-ch"]
[Site "Goiania"]
[Date "2016.12.03"]
[Round "7"]
[White "Santos, Luciano da Silva"]
[Black "Da Silva Filho, Jair Humberto"]
[Result "1/2-1/2"]
[WhiteElo "1879"]
[BlackElo "2005"]
[PlyCount "92"]
[EventDate "2016.11.26"]
[EventType "tourn"]
[EventRounds "9"]
[EventCountry "BRA"]
[SourceTitle "EXT 2018"]
[Source "ChessBase"]
[SourceDate "2017.10.13"]
[SourceVersion "1"]
[SourceVersionDate "2017.10.13"]
[SourceQuality "1"]

1. e4 c5 2. Nf3 g6 3. d4 cxd4 4. Nxd4 Nc6 5. c4 Bg7 6. Be3 Nf6 7. Nc3 0-0 8. Qd2 Ng4 9. Nxc6 bxc6 10. Bd4 Bh6 11. Qe2 d6 12. h3 Nf6 13. Be3 Bxe3 14. Qxe3 Rb8 15. b3 Qa5 16. Rc1 Bb7 17. Be2 Nd7 18. 0-0 Qc5 19. Qd2 Rfd8 20. Rfd1 Nf8 21. h4 Ne6 22. g3 Qe5 23. f4 Qg7 24. Bf3 c5 25. Bg2 Nd4 26. Rf1 f6 27. Rce1 e5 28. Rf2 Rf8 29. Ref1 Qd7 30. Kh2 Qg4 31. Bh3 Qh5 32. fxe5 fxe5 33. Rxf8+ Rxf8 34. Rxf8+ Kxf8 35. Qf2+ Qf3 36. Qxf3+ Nxf3+ 37. Kh1 Ke7 38. Bg2 Nd4 39. Kg1 a6 40. Kf2 h6 41. Bh3 Kd8 42. Ke3 Kc7 43. Kd2 g5 44. hxg5 Nf3+ 45. Kd3 Nxg5 46. Bf5 Kd8 1/2-1/2

[Event "Goiania-ch"]
[Site "Goiania"]
[Date "2016.11.26"]
[Round "2"]
[White "Da Silva Filho, Jair Humberto"]
[Black "Campos, Westerley Batista"]
[Result "1-0"]
[WhiteElo "2005"]
[BlackElo "1742"]
[PlyCount "109"]
[EventDate "2016.11.26"]
[EventType "tourn"]
[EventRounds "9"]
[EventCountry "BRA"]
[SourceTitle "EXT 2018"]
[Source "ChessBase"]
[SourceDate "2017.10.13"]
[SourceVersion "1"]
[SourceVersionDate "2017.10.13"]
[SourceQuality "1"]

1. d4 f5 2. e4 d6 3. Nc3 Nf6 4. Bd3 fxe4 5. Nxe4 g6 6. h4 d5 7. Nxf6+ exf6 8. h5 g5 9. Be3 Be6 10. Qe2 Qd7 11. f4 g4 12. Bf2 Be7 13. 0-0-0 Nc6 14. c3 0-0-0 15. Qc2 Bd6 16. Ne2 f5 17. Bh4 Be7 18. Ng3 Rdf8 19. Bxe7 Nxe7 20. Rde1 Qd6 21. Rhf1 Rf6 22. Re5 Rhf8 23. Rfe1 Kb8 24. Qe2 Nc8 25. Rxe6 Qxf4+ 26. Re3 Nd6 27. Kc2 Ne4 28. Bxe4 dxe4 29. Nxe4 fxe4 30. Rxe4 Qf5 31. Qxg4 Qxg4 32. Rxg4 b6 33. Re7 R8f7 34. Rg8+ Kb7 35. Rxf7 Rxf7 36. g4 Kc6 37. g5 Kd5 38. g6 hxg6 39. hxg6 Rf2+ 40. Kb3 Rg2 41. g7 Kc6 42. a4 a5 43. Kc4 Rg4 44. b4 axb4 45. cxb4 Kb7 46. a5 Rg5 47. d5 Rg4+ 48. Kb5 bxa5 49. bxa5 Rg5 50. Kc5 Rg2 51. a6+ Ka7 52. Kc6 Rc2+ 53. Kd7 Rg2 54. Kxc7 Kxa6 55. Ra8+ 1-0

[Event "Goiania STD-ch sf"]
[Site "Goiania"]
[Date "2016.11.14"]
[Round "6"]
[White "Da Silva Filho, Jair Humberto"]
[Black "Martins, Carlos"]
[Result "0-1"]
[WhiteElo "2005"]
[BlackElo "2280"]
[PlyCount "56"]
[EventDate "2016.11.12"]
[EventType "swiss"]
[EventRounds "7"]
[EventCountry "BRA"]
[SourceTitle "CBM 175 Extra"]
[Source "ChessBase"]
[SourceDate "2016.12.12"]
[SourceVersion "1"]
[SourceVersionDate "2016.12.12"]
[SourceQuality "1"]

1. d4 f5 2. g3 Nf6 3. Bg2 g6 4. Nf3 Bg7 5. 0-0 0-0 6. c4 d6 7. Nc3 c6 8. Rb1 a5 9. Qb3 h6 10. Rd1 Kh7 11. Qc2 Na6 12. a3 Qe8 13. b4 axb4 14. axb4 Nc7 15. d5 cxd5 16. Nxd5 Ncxd5 17. cxd5 Bd7 18. Nd4 Ba4 19. Nb3 Qb5 20. Qd2 Ng4 21. Bb2 Qb6 22. e3 Bxb2 23. Rxb2 Ne5 24. Rc1 Bxb3 25. Rxb3 Rfc8 26. e4 Ra2 27. Qxa2 Rxc1+ 28. Bf1 Qb5 0-1

[Event "Goiania Goias Cup"]
[Site "Goiania"]
[Date "2016.10.15"]
[Round "4"]
[White "Da Silva Filho, Jair Humberto"]
[Black "Bocca, Edson Ricardo"]
[Result "1-0"]
[WhiteElo "1987"]
[BlackElo "1635"]
[PlyCount "63"]
[EventDate "2016.10.14"]
[EventType "swiss"]
[EventRounds "6"]
[EventCountry "BRA"]
[SourceTitle "CBM 175 Extra"]
[Source "ChessBase"]
[SourceDate "2016.12.12"]
[SourceVersion "1"]
[SourceVersionDate "2016.12.12"]
[SourceQuality "1"]

1. d4 d5 2. c4 Nf6 3. cxd5 Nxd5 4. e4 Nf6 5. Nc3 a6 6. Be3 e6 7. Nf3 Be7 8. Bd3 Nc6 9. a3 0-0 10. h3 h6 11. Rc1 Nh7 12. 0-0 Ng5 13. Nxg5 Bxg5 14. f4 Bh4 15. Bb1 f5 16. Qd3 Rf7 17. Ba2 Kh8 18. exf5 Rxf5 19. Bb1 Qg8 20. Ne4 Be7 21. Nd2 Bd7 22. Nf3 Rc8 23. g4 Rf7 24. g5 Be8 25. Nh4 Rf8 26. Ng6+ Bxg6 27. Qxg6 Bd6 28. d5 Ne7 29. Qh5 Nf5 30. Bxf5 Rxf5 31. Bd4 Qe8 32. Qxh6+ 1-0

[Event "Goiania-ch Etapa 03"]
[Site "Goiania"]
[Date "2016.08.27"]
[Round "4.1"]
[White "Da Silva Filho, Jair Humberto"]
[Black "Garcia, Gabriel Gonzaga"]
[Result "0-1"]
[WhiteElo "1951"]
[BlackElo "2184"]
[PlyCount "40"]
[EventDate "2016.08.26"]
[EventType "swiss"]
[EventRounds "6"]
[EventCountry "BRA"]
[SourceTitle "EXT 2022"]
[Source "ChessBase"]
[SourceDate "2021.10.06"]
[SourceVersion "1"]
[SourceVersionDate "2021.10.06"]
[SourceQuality "1"]

1. d4 Nf6 2. c4 e6 3. Nc3 Bb4 4. e3 0-0 5. Nge2 d5 6. a3 Be7 7. cxd5 exd5 8. Nf4 b6 9. Bd3 Bb7 10. 0-0 c5 11. dxc5 bxc5 12. b3 Nc6 13. Ncxd5 Nxd5 14. Nxd5 Bf6 15. Nxf6+ Qxf6 16. Rb1 Ne5 17. Bc2 Nf3+ 18. Kh1 Rad8 19. Bd3 Rxd3 20. Qxd3 Qe5 0-1